| 000 | 00764nam a2200205 4500 | ||
|---|---|---|---|
| 999 |
_c11433 _d11433 |
||
| 008 | 160708b xxu||||| |||| 00| 0 eng d | ||
| 020 | _a0072972807 | ||
| 050 | _aGV 341.W85 2006 | ||
| 100 |
_aWeust, Deborah A. _d2006. |
||
| 245 |
_aFoundations of physical education, exercise science and sport/ _c Deborah A. Weust and Charles A. Bucher |
||
| 250 | _a15t ed. | ||
| 260 |
_aBoston: _bMcGraw Hill, _c2006. |
||
| 300 |
_axv, 583 p. : ill. _bIncludes bibliographical references and index. |
||
| 650 | _aPhysical education and training. | ||
| 650 | _aSports. | ||
| 650 | _aPhysical education and training-Vocational guidance. | ||
| 650 | _aSports-Vocational guidance. | ||
| 700 | _a Charles A. Bucher | ||
| 942 |
_2lcc _cBOOKS _hGV 341.W85 2006 |
||